000 00300nam a22001337a 4500
008 170321b xxu||||| |||| 00| 0 eng d
020 _a0070421439
041 _aeng
080 _a616.12 -008-073
100 _a7
101 _aSHM
245 _aCLINICAL CARDIAC IMAGING
_cMILLER.D.D
942 _2udc
_cBK
999 _c8189
_d8189